KAPLAN & SADOCK'S SYNOPSIS OF PSYCHIATRY (Record no. 25409)

MARC details
000 -LEADER
fixed length control field 00421nam a22001697a 4500
003 - CONTROL NUMBER IDENTIFIER
control field SGT
020 ## - INTERNATIONAL STANDARD BOOK NUMBER
International Standard Book Number 9789390612737
082 ## - DEWEY DECIMAL CLASSIFICATION NUMBER
Classification number 616.89
Item number K22B
100 ## - MAIN ENTRY--PERSONAL NAME
Personal name BALAND, ROBERT
245 ## - TITLE STATEMENT
Title KAPLAN & SADOCK'S SYNOPSIS OF PSYCHIATRY
250 ## - EDITION STATEMENT
Edition statement 12TH
260 ## - PUBLICATION, DISTRIBUTION, ETC. (IMPRINT)
Place of publication, distribution, etc PHILADELPHIA
Name of publisher, distributor, etc WOLTERS KLUWAR
Year of Publication 2022
300 ## - PAGE DESCRIPTION
No. of Pages 1181
650 ## - SUBJECT ADDED ENTRY--TOPICAL TERM
Topical term or geographic name as entry element PSYCHIATRY
653 ## - KEYWORDS--INDEX TERM
Keyword term KAPLAN & SADOCK'S SYNOPSIS OF PSYCHIATRY
942 ## - ADDED ENTRY ELEMENTS (KOHA)
Source of classification or shelving scheme Dewey Decimal Classification
Koha item type Books
Holdings
Withdrawn status Lost status Source of classification or shelving scheme Damaged status Not for loan Collection code Home library Current library Shelving location Date acquired Vendor Name Cost, normal purchase price SGTU Bill Number Total Checkouts Full call number Accession No. (Barcode) Date last seen Bill Date Koha item type Date last borrowed
    Dewey Decimal Classification   Not For Loan MEDICAL SGT Medical Library SGT Medical Library Reference Book 12/12/2023 ABC DELHI 4799.00 SGTU 17259   616.89 K22B FM14251 12/12/2023 18/08/2023 Books  
    Dewey Decimal Classification     MEDICAL SGT Medical Library SGT Medical Library Reference Book 12/12/2023 ABC DELHI 4799.00 SGTU 17259 1 616.89 K22B FM14252 04/08/2025 18/08/2023 Books 10/07/2025